Statistics for Tallest Buildings in Atlanta

Click here to take the quiz!

General Stats

  • This quiz has been taken 13 times
  • The average score is 5 of 16

Answer Stats

HeightBuilding% Correct
1,023 ftBank of America Plaza
89%
867 ftSunTrust Plaza
78%
657 ft1180 Peachtree
56%
820 ft1 Atlantic Center
56%
691 ftPromenade II
44%
723 ftWestin Peachtree Plaza
44%
770 ft191 Peachtree Tower
22%
677 ftAT&T Building
22%
697 ftGeorgia Pacific Tower
22%
665 ftSovereign
22%
501 ftIcon Midtown
11%
580 ftThe Mansion on Peachtree
11%
556 ft2 Peachtree Building
0%
609 ftGLG Grand-Four Seasons
0%
554 ftMarriott Marquis Hotel
0%
577 ftThe Atlantic
0%

Score Distribution

Percentile by Number Answered

Percent of People with Each Score

Your Score History

You have not taken this quiz